000
00330 a2200157 4500
001
152459
040
_c
Escola São Tomás de Aquino
100
_a
COUY, Maria Laura Pereira da
240
1
0
_a
Ampulheta
_l
por
245
1
0
_a
Ampulheta
300
_a
134
362
0
_a
2001
440
1
_a
Sografe
697
_a
Poesia
942
_c
BK
999
_c
152459
_d
152459